000 00441nam a2200181Ia 4500
003 GCL
008 140319s9999 xx 000 0 eng d
040 _aGCL /
_cGCL
082 0 4 _a843
_bG R
100 1 _aGIONO, JEAN
245 1 0 _aREGAIN /
_cGIONO, JEAN
260 _a[S.N] :
_bBERNARD GRASSET ،
_c1992
300 _a236 P
490 _aLES CAHIERS ROUGES
_v0
650 0 4 _aLITERATURE
650 0 4 _aFRENCH LITERATURE
942 _2ddc
_cBK
999 _c21571
_d21571